Electrical machines and automatic control / (Record no. 12356)
[ view plain ]
| 000 -LEADER | |
|---|---|
| fixed length control field | 00529nam a2200169 4500 |
| 003 - CONTROL NUMBER IDENTIFIER | |
| control field | NUST |
| 020 ## - INTERNATIONAL STANDARD BOOK NUMBER | |
| International Standard Book Number | 8121939984 |
| 082 ## - DEWEY DECIMAL CLASSIFICATION NUMBER | |
| Classification number | 621.31042 |
| Author Mark | NAV |
| 245 ## - TITLE STATEMENT | |
| Title | Electrical machines and automatic control / |
| 260 ## - PUBLICATION, DISTRIBUTION, ETC. | |
| Place of publication, distribution, etc. | New Delhi, India |
| Name of publisher, distributor, etc. | S. Chjand & Co. Ltd. |
| Date of publication, distribution, etc. | 2012 |
| 300 ## - PHYSICAL DESCRIPTION | |
| Extent | xi, 483 p. |
| Other physical details | ill. ; |
| 500 ## - GENERAL NOTE | |
| General note | Include index. |
| 650 ## - SUBJECT ADDED ENTRY--TOPICAL TERM | |
| Topical term or geographic name entry element | 1. Electric machinery --Automatic control. 2. Electric machinery --Mathematical models. |
| 9 (RLIN) | 122222 |
| 700 ## - ADDED ENTRY--PERSONAL NAME | |
| Personal name | Navani, J.P. |
| 9 (RLIN) | 122223 |
| 700 ## - ADDED ENTRY--PERSONAL NAME | |
| Personal name | Sapra, Sonal |
| 9 (RLIN) | 122224 |
| 942 ## - ADDED ENTRY ELEMENTS (KOHA) | |
| Koha item type | Book |
| Source of classification or shelving scheme | |
| Withdrawn status | Lost status | Source of classification or shelving scheme | Damaged status | Not for loan | Permanent Location | Current Location | Shelving location | Date acquired | Source of acquisition | Cost, normal purchase price | Full call number | Barcode | Date last seen | Price effective from | Koha item type |
|---|---|---|---|---|---|---|---|---|---|---|---|---|---|---|---|
| Central Library (CL) | Central Library (CL) | General Stacks | 12/27/2013 | Saeed Book Bank | 418.56 | 621.31042 ELE | SEECS012771 | 04/01/2024 | 12/29/2013 | Book |
